Loading...
Science - Physics | 4 | 1 | 2 | 0 | 60 | 52 | 69.40 | 4 | 5 |
Philosophy | 0 | 3 | 0 | 0 | 30 | 78 | 86.33 | 2 | 3 |
Fine Arts - Auditory Fine Arts | 1 | 1 | 0 | 0 | 25 | 46 | 69.00 | 2 | 2 |
Science - Chemistry | 0 | 2 | 0 | 0 | 20 | 58 | 76.50 | 1 | 2 |
Other Science: Computer Science | 0 | 2 | 0 | 0 | 20 | 81 | 85.50 | 2 | 2 |
Other Science: Math | 1 | 0 | 0 | 0 | 15 | 14 | 14.00 | 1 | 1 |
Current Events | 0 | 1 | 0 | 0 | 10 | 96 | 96.00 | 0 | 1 |
Other Academic | 0 | 1 | 0 | 0 | 10 | 96 | 96.00 | 1 | 1 |
Other Arts: Auditory | 0 | 1 | 0 | 0 | 10 | 118 | 118.00 | 1 | 1 |
History - World History | 0 | 1 | 0 | 0 | 10 | 124 | 124.00 | 0 | 1 |
Social Science | 0 | 1 | 0 | 0 | 10 | 92 | 92.00 | 0 | 1 |
World and Other Literature | 0 | 1 | 1 | 1 | 5 | 142 | 142.00 | 0 | 1 |
Literature - European Literature | 0 | 1 | 1 | 0 | 5 | 75 | 75.00 | 1 | 1 |
Literature - British Literature | 0 | 0 | 1 | 0 | -5 | 0.00 | 0 | 0 | |
Ancient History and Archaeology | 0 | 0 | 1 | 0 | -5 | 0.00 | 0 | 0 |